| 000 | 00870cab a2200253 4500 | ||
|---|---|---|---|
| 001 | ABS50871 | ||
| 008 | 090401t1994 xxu||||| |||| 00| 0 eng d | ||
| 035 | _a(Sirsi) u84145 | ||
| 041 | _aeng | ||
| 100 | _aFordham, R. | ||
| 245 | _aDual approach sought for local housing needs work | ||
| 260 | _c1994 | ||
| 350 | _a0 | ||
| 490 |
_aPlanning (for the Natural and Built Environment) _v(1073) 17 June 1994, 21(1) |
||
| 520 | _aOutlines an approach to housing needs surveys and looks at how useful the definitions used by local authorities are as the foundation for discussions with developers over affordable housing. Examines problems and suggests solutions. | ||
| 650 | _aHOUSING ACT 1985 | ||
| 650 | _aHOUSING NEED | ||
| 650 | _aPPG3 | ||
| 690 | _aHOUSING | ||
| 690 | _aHOUSING-DEVELOPMENT | ||
| 700 | _aBrooke, R. | ||
| 942 | _n0 | ||
| 948 | _c04/03/1997 | ||
| 999 |
_c52864 _d52864 |
||